Ends with -nx Quiz Stats

 Plays Quiz not verified by Sporcle

Challenge
Share
Tweet
Embed
Score 0/11 Timer 03:00
0 Plays Today
clue word % Correct
a wild catlynx
94.6%
home of the YankeesBronx
92.4%
the part of the throat housing the vocal chordslarynx
88%
a cursejinx
82.6%
monster defeated by Oedipussphinx
48.9%
a hussyminx
47.8%
the upper throat immediately behind the mouthpharynx
41.3%
a battle-linephalanx
32.6%
a nearly dead Gaelic language of the Irish SeaManx
31.5%
Pan-pipessyrinx
4.3%
a geometrical arrangement like the five pips on a diequincunx
3.3%

You're not logged in!

Compare scores with friends on all Sporcle quizzes.
OR
Log In

You Might Also Like...

Show Comments

Extras

Created May 31, 2011ReportNominate
Tags:Begins and Ends Quiz

Top Quizzes Today


Score Distribution

Your Account Isn't Verified!

In order to create a playlist on Sporcle, you need to verify the email address you used during registration. Go to your Sporcle Settings to finish the process.

Report this User

Report this user for behavior that violates our Community Guidelines.

Details: